| 000 | 00531nam a22001817a 4500 | ||
|---|---|---|---|
| 999 |
_c194130 _d194130 |
||
| 005 | 20221208104436.0 | ||
| 010 | _aENG-135769 | ||
| 020 |
_a978-93-82432-70-8 _c195.00 |
||
| 035 | _aEN-119301 | ||
| 037 | _bDBAD/PUB | ||
| 082 | _a004 | ||
| 100 | _aRajput, Shyam Singh | ||
| 245 |
_aNew Tech Computer Course/ _cShyam Singh Rajput and Ajay Kumar Sharma |
||
| 260 |
_aKanpur _bAman Prakashan _c2013-14 |
||
| 270 |
_a104A/80C Rambagh _bKanpur _e208012 |
||
| 300 |
_a279p. _c22cm(pbk) |
||
| 942 |
_2ddc _cEN _mRAJ _h004 |
||